| 000 | 00500cam a2200205ua 4500 | ||
|---|---|---|---|
| 020 |
_a81-219-0075-1 _c50.00 |
||
| 041 |
_aeng _h |
||
| 082 |
_a621.2 _bKHU/TE |
||
| 100 | _aKhurmi, R S. | ||
| 245 |
_aText book of hydraulic machines / _cR S Khurmi. _hTextual Documents |
||
| 250 |
_a19 / _b. |
||
| 260 |
_aNew Delhi : _bS.Chand and Co , _c1997. |
||
| 300 | _a662 ; . | ||
| 365 | _a50.00 | ||
| 500 | _a*CSS | ||
| 504 | _a | ||
| 942 | _cBK | ||
| 999 |
_c10345 _d10345 |
||